<?xml version="1.0" encoding="UTF-8"?>
<record
    xmlns:xsi="http://www.w3.org/2001/XMLSchema-instance"
    xsi:schemaLocation="http://www.loc.gov/MARC21/slim http://www.loc.gov/standards/marcxml/schema/MARC21slim.xsd"
    xmlns="http://www.loc.gov/MARC21/slim">

  <leader>02660cam a2200337 a 4500</leader>
  <controlfield tag="001">14703835</controlfield>
  <controlfield tag="005">20170105102919.0</controlfield>
  <controlfield tag="008">070119s2007    coua     b    001 0 eng  </controlfield>
  <datafield tag="010" ind1=" " ind2=" ">
    <subfield code="a">  2007002451</subfield>
  </datafield>
  <datafield tag="015" ind1=" " ind2=" ">
    <subfield code="a">GBA741522</subfield>
    <subfield code="2">bnb</subfield>
  </datafield>
  <datafield tag="016" ind1="7" ind2=" ">
    <subfield code="a">013756331</subfield>
    <subfield code="2">Uk</subfield>
  </datafield>
  <datafield tag="020" ind1=" " ind2=" ">
    <subfield code="a">9781588265340 (hardcover : alk. paper)</subfield>
  </datafield>
  <datafield tag="020" ind1=" " ind2=" ">
    <subfield code="a">9788130909660 (hardcover : alk. paper)</subfield>
  </datafield>
  <datafield tag="035" ind1=" " ind2=" ">
    <subfield code="a">(OCoLC)ocm80020059</subfield>
  </datafield>
  <datafield tag="035" ind1=" " ind2=" ">
    <subfield code="a">(OCoLC)80020059</subfield>
    <subfield code="z">(OCoLC)154684989</subfield>
    <subfield code="z">(OCoLC)154684992</subfield>
  </datafield>
  <datafield tag="040" ind1=" " ind2=" ">
    <subfield code="a">DLC</subfield>
    <subfield code="c">DLC</subfield>
    <subfield code="d">BTCTA</subfield>
    <subfield code="d">BAKER</subfield>
    <subfield code="d">UKM</subfield>
    <subfield code="d">C#P</subfield>
    <subfield code="d">YDXCP</subfield>
    <subfield code="d">YHM</subfield>
    <subfield code="d">IXA</subfield>
    <subfield code="d">MUQ</subfield>
    <subfield code="d">DLC</subfield>
  </datafield>
  <datafield tag="050" ind1="0" ind2="0">
    <subfield code="a">JF2051</subfield>
    <subfield code="b">.W48 2007</subfield>
  </datafield>
  <datafield tag="082" ind1="0" ind2="0">
    <subfield code="a">324.2</subfield>
    <subfield code="2">22</subfield>
  </datafield>
  <datafield tag="245" ind1="0" ind2="0">
    <subfield code="a">When parties prosper :</subfield>
    <subfield code="b">the uses of electoral success /</subfield>
    <subfield code="c">edited by Kay Lawson, Peter H. Merkl.</subfield>
  </datafield>
  <datafield tag="260" ind1=" " ind2=" ">
    <subfield code="a">Boulder :</subfield>
    <subfield code="b">Lynne Rienner Publishers,</subfield>
    <subfield code="c">2007.</subfield>
  </datafield>
  <datafield tag="300" ind1=" " ind2=" ">
    <subfield code="a">vi, 431 p. :</subfield>
    <subfield code="b">ill. ;</subfield>
    <subfield code="c">23 cm.</subfield>
  </datafield>
  <datafield tag="504" ind1=" " ind2=" ">
    <subfield code="a">Includes bibliographical references (p. 371-395) and index.</subfield>
  </datafield>
  <datafield tag="505" ind1="0" ind2="0">
    <subfield code="t">Political parties in the twenty-first century /</subfield>
    <subfield code="r">Kay Lawson and Peter H. Merkl --</subfield>
    <subfield code="t">Britain's new Labour party : prospering in an antiparty climate /</subfield>
    <subfield code="r">David McKay --</subfield>
    <subfield code="t">Sweden : still a stable party system? /</subfield>
    <subfield code="r">Tommy M&#xF6;ller --</subfield>
    <subfield code="t">European social democracy : failing successfully /</subfield>
    <subfield code="r">William E. Paterson and James Sloam --</subfield>
    <subfield code="t">Poland's democratic left alliance : beyond postcommunist succession /</subfield>
    <subfield code="r">Hironim Kubiak --</subfield>
    <subfield code="t">Lithuanian Social Democrats : a prosperous postcommunist party /</subfield>
    <subfield code="r">Algis Krupavi&#x10D;ius -- Uruguayan party system : transition within transition /</subfield>
    <subfield code="r">Jorge Lanzaro --</subfield>
    <subfield code="t">Germany's Christian Democrats : survivors in a secular society /</subfield>
    <subfield code="r">Frank B&#xF6;sch --</subfield>
    <subfield code="t">Japan : why parties fail, yet survive /</subfield>
    <subfield code="r">Haruhiro Fukui --</subfield>
    <subfield code="t">Russia's political parties : deep in the shadow of the president /</subfield>
    <subfield code="r">Anotoly Kulik --</subfield>
    <subfield code="t">Mexico : helping the opposition prosper /</subfield>
    <subfield code="r">Mark A. Martinez --</subfield>
    <subfield code="t">Israel 's Shas : party prosperity and dubious democracy /</subfield>
    <subfield code="r">Yael Yishai --</subfield>
    <subfield code="t">Chile : from individual politics to party militancy /</subfield>
    <subfield code="r">Alfredo Joignant and Patricio Navia --</subfield>
    <subfield code="t">Italy : a tale of two parties /</subfield>
    <subfield code="r">Gianfranco Pasquino --</subfield>
    <subfield code="t">France : antisystem parties vs. government parties /</subfield>
    <subfield code="r">Florence Haegel and Marc Lazar --</subfield>
    <subfield code="t">The US two-party system : using power to prosper /</subfield>
    <subfield code="r">Robin Kolodny --</subfield>
    <subfield code="t">Becoming the party of government /</subfield>
    <subfield code="r">Peter H. Merkl --</subfield>
    <subfield code="t">When parties dedemocratize /</subfield>
    <subfield code="r">Kay Lawson.</subfield>
  </datafield>
  <datafield tag="650" ind1=" " ind2="0">
    <subfield code="a">Political parties.</subfield>
  </datafield>
  <datafield tag="700" ind1="1" ind2=" ">
    <subfield code="a">Lawson, Kay.</subfield>
  </datafield>
  <datafield tag="700" ind1="1" ind2=" ">
    <subfield code="a">Merkl, Peter H.</subfield>
  </datafield>
  <datafield tag="856" ind1="4" ind2="1">
    <subfield code="3">Table of contents only</subfield>
    <subfield code="u">http://www.loc.gov/catdir/toc/ecip079/2007002451.html</subfield>
  </datafield>
  <datafield tag="906" ind1=" " ind2=" ">
    <subfield code="a">7</subfield>
    <subfield code="b">cbc</subfield>
    <subfield code="c">orignew</subfield>
    <subfield code="d">1</subfield>
    <subfield code="e">ecip</subfield>
    <subfield code="f">20</subfield>
    <subfield code="g">y-gencatlg</subfield>
  </datafield>
  <datafield tag="942" ind1=" " ind2=" ">
    <subfield code="2">ddc</subfield>
    <subfield code="c">BK</subfield>
  </datafield>
  <datafield tag="999" ind1=" " ind2=" ">
    <subfield code="c">15507</subfield>
    <subfield code="d">15507</subfield>
  </datafield>
  <datafield tag="952" ind1=" " ind2=" ">
    <subfield code="0">0</subfield>
    <subfield code="1">0</subfield>
    <subfield code="4">0</subfield>
    <subfield code="7">0</subfield>
    <subfield code="8">NFIC</subfield>
    <subfield code="a">CIPS</subfield>
    <subfield code="b">CIPS</subfield>
    <subfield code="c">GEN</subfield>
    <subfield code="d">2013-10-02</subfield>
    <subfield code="l">0</subfield>
    <subfield code="o">324.2 WHE 2008</subfield>
    <subfield code="p">CIPS0002426</subfield>
    <subfield code="r">2013-12-03</subfield>
    <subfield code="w">2013-12-03</subfield>
    <subfield code="y">BK</subfield>
  </datafield>
</record>
